00226nam a22000977a 4500003000400000082001800004100002400022245005000046260002400096300000800120SGT a616.995bC16D aDAVIES. PETER D.O.  aCLINICAL TUBERCULOSIS: A PRACTICAL HAND BOOK  aLONDON bCRC c2016 a212